STN EN 12629-5-4+A1: 2011 (27 8713), Stroje na výrobu stavebných výrobkov z betónu a vápenno-kremičitej horniny. Bezpečnosť Časť 5-4 Stroje na nanášanie ochrannej vrstvy na rúry (Konsolidovaný text)
Táto norma je slovenskou verziou európskej normy EN 12629-5-4: 2003+A1: 2010. Preklad zabezpečil Slovenský ústav technickej normalizácie. Má rovnaké postavenie ako majú oficiálne verzie
| Corporate Authors: | , |
|---|---|
| Other Authors: | , |
| Format: | Book |
| Language: | Slovak English |
| PhysicalDescription: | 16 s. obr., tab. 30 cm |
| Published: |
Bratislava
Slovenský ústav technickej normalizácie
2011
|
| Subjects: |
MARC
| LEADER | 00000cam a2200000 a 4500 | ||
|---|---|---|---|
| 001 | vtls010275950 | ||
| 003 | SK-MaSNL | ||
| 005 | 20260302011735.0 | ||
| 008 | 160627s2011 xo a fru 000 0 slo | ||
| 015 | |a SNBN2013 | ||
| 020 | |c (cen. skup. 11) | ||
| 040 | |a SNK |b slo |c SNK |e AACR2 | ||
| 041 | 1 | |a slo |h eng | |
| 044 | |a xo |c SK | ||
| 046 | |a s |m 201105 (účin.) | ||
| 072 | 7 | |a 69 |x Stavebníctvo |2 konspekt | |
| 072 | 7 | |a 62 |x Technika všeobecne |2 konspekt | |
| 072 | 7 | |a 691 |x Stavebné hmoty |2 konspekt | |
| 080 | |a 69 |2 2011 | ||
| 080 | |a 006.88 |2 2011 | ||
| 080 | |a (437.6) |2 2011 | ||
| 080 | |a (4) |2 2011 | ||
| 080 | |a 69:005.936.43 |2 2011 | ||
| 080 | |a 691.32 |2 2011 | ||
| 080 | |a 62-1/-9 |2 2011 | ||
| 080 | |a 331.45 |2 2011 | ||
| 080 | |a (083.742) |2 2011 | ||
| 084 | |a 91.220 |2 ICS | ||
| 130 | 0 | |a STN 27 8713 (STN EN 12629-5-4+A1) |9 652621 | |
| 245 | 1 | 0 | |a STN EN 12629-5-4+A1: 2011 (27 8713), Stroje na výrobu stavebných výrobkov z betónu a vápenno-kremičitej horniny. Bezpečnosť |n Časť 5-4 |p Stroje na nanášanie ochrannej vrstvy na rúry (Konsolidovaný text) |
| 246 | 1 | 0 | |a Stroje na výrobu stavebných výrobkov z betónu a vápenno-kremičitej horniny |
| 246 | 1 | 0 | |a Stroje na nanášanie ochrannej vrstvy na rúry |
| 246 | 3 | 0 | |a EN 12629-5-4: 2003+A1: 2010 E |
| 260 | |a Bratislava |b Slovenský ústav technickej normalizácie |c 2011 | ||
| 300 | |a 16 s. |b obr., tab. |c 30 cm | ||
| 500 | |a Súbežný názov v angličtine, francúzštine, nemčine | ||
| 500 | |a Táto norma nahrádza STN EN 12629-5-4 z novembra 2004 v celom rozsahu | ||
| 500 | |a Spracovateľ INFOVUSAM Zvolen, MIKONA-INFO Zvolen, Ivan Mihálik, Jaroslav Volčko | ||
| 504 | |a Citované normy, súvisiace právne predpisy s. 2 | ||
| 520 | 8 | |a Táto norma je slovenskou verziou európskej normy EN 12629-5-4: 2003+A1: 2010. Preklad zabezpečil Slovenský ústav technickej normalizácie. Má rovnaké postavenie ako majú oficiálne verzie | |
| 540 | |a STN vydané na akomkoľvek nosiči sa môžu rozmnožovať a rozširovať iba so súhlasom určenej právnickej osoby |b SÚTN Bratislava |c zákon 264/1999 Z.z. | ||
| 650 | 0 | 7 | |a stavebná výroba |2 SNKPH |9 70946 |
| 650 | 0 | 7 | |a stavebné výrobky |2 SNKPH |9 66020 |
| 650 | 0 | 7 | |a stroje |2 SNKPH |9 3551 |
| 650 | 0 | 7 | |a technické normy a štandardy |z Slovensko |2 SNKPH |9 79594 |
| 650 | 0 | 7 | |a technické normy a štandardy |z krajiny Európskej únie |2 SNKPH |9 289341 |
| 650 | 0 | 7 | |a bezpečnosť práce |2 SNKPH |9 1296 |
| 650 | 0 | 7 | |a Building production |2 SNK |2 SNKPHeng |9 426565 |
| 650 | 0 | 7 | |a Building products |2 SNKPHeng |9 322681 |
| 650 | 0 | 7 | |a Concrete products |2 SNKPHeng |9 250523 |
| 650 | 0 | 7 | |a Machines |2 SNKPHeng |9 268704 |
| 650 | 0 | 7 | |a Occupational safety |2 SNKPHeng |9 287472 |
| 655 | 7 | |a normy |2 SNKPH |9 70643 | |
| 700 | 1 | |a Mihálik, Ivan |4 trl |9 352387 | |
| 700 | 1 | |a Volčko, Jaroslav |4 trl |9 99320 | |
| 710 | 2 | |a INFOVUSAM (Zvolen, Slovensko) |4 trl |9 298995 | |
| 710 | 2 | |a Slovenský ústav technickej normalizácie (Bratislava, Slovensko). |b Technická komisia č. 23 Zemné a stavebné stroje a priemyselné vozíky |4 stn |9 322362 | |
| 710 | 2 | |a MIKONA - INFO (Zvolen, Slovensko) |4 trl |9 320465 | |
| 774 | 1 | 8 | |t STN EN 12629-5-4: 2004 |d Bratislava: Slovenský ústav technickej normalizácie, 2004 |w vtls009925305 |
| 852 | |a Štátna vedecká knižnica v Banskej Bystrici | ||
| 958 | |a OP | ||
| 958 | |a NB | ||
| 999 | |c 1007235 |d 1009165 | ||
| 952 | |a SNK |b SNK |y PREZ |7 0 |p 17A0703530 |o snkSTN EN 12629-5-4+A1 |i snk2011/11907 |8 0 |0 0 |1 0 |4 0 |d 2011-05-24 |l 0 |r 2026-02-24 12:40:09 |w 2026-02-24 | ||
| 952 | |a SNK |b SNK |y PREZ |7 0 |p 17A0703529 |o snkSTN EN 12629-5-4+A1 D1 |i snk2011/11908 |8 0 |0 0 |1 0 |4 0 |d 2011-05-24 |l 0 |r 2026-02-24 12:40:09 |w 2026-02-24 | ||


